000 00645nam a2200181Ia 4500
008 090123s9999 xx 000 0 und d
082 _b20672
100 _aखळदकर अरविंद
245 _aजोडोनिया धन शेअर व्यवहार
250 _a1
260 _bकौशिक प्रकाशन
300 _a404
600 _aखळदकर अरविंद
630 _aजोडोनिया धन शेअर व्यवहार
700 _aखळदकर अरविंद
730 _aजोडोनिया धन शेअर व्यवहार
942 _cBOOK
999 _c58744
_d58744